MARC

LEADER 00000nam0a2200000 4500
001 264254
005 20231101233820.0
035 |a (RuTPU)RU\TPU\book\287245 
090 |a 264254 
100 |a 20140618d1988 m y0rusy50 ca 
101 0 |a rus 
102 |a UZ 
105 |a a j 001zy 
200 1 |a Машинная графика в задачах геометрического моделирования на ЭВМ  |e учебное пособие  |f В. И. Рубин, М. И. Мавлянова  |g Ташкентский политехнический институт им. А. Б. Беруни (ТашПИ) 
210 |a Ташкент  |c Изд-во ТашПИ  |d 1988 
215 |a 80 с.  |c ил. 
320 |a Библиогр.: с. 77. 
606 1 |a Геометрия  |2 stltpush  |3 (RuTPU)RU\TPU\subj\6171  |9 34123 
610 1 |a геометрическое моделирование 
610 1 |a машинная графика 
610 1 |a ЭВМ 
610 1 |a применение 
610 1 |a трехмерные системы 
610 1 |a поверхности 
610 1 |a плоские кривые 
610 1 |a пространственные кривые 
610 1 |a учебные пособия 
675 |a 514(075.8)  |v 3 
700 1 |a Рубин  |b В. И.  |g Владимир Ильич 
701 1 |a Мавлянова  |b М. И.  |g Мукаррам Имановна 
712 0 2 |a Ташкентский политехнический институт им. А. Б. Беруни (ТашПИ)  |2 stltpush  |3 (RuTPU)RU\TPU\col\6741 
801 1 |a RU  |b 63413507  |c 20140618 
801 2 |a RU  |b 63413507  |c 20150519  |g RCR 
942 |c BK